Hodnotenie zamestnancov v personálnej práci vedenia školy

Základné úlohy vedenia školy v personálnej práci v školskej praxi. Celkové hodnotenie pedagogických zamestnancov. Hodnotiace rozhovory so zamestnancami. Profesijný štandard pedagogického zamestnanca.

Enregistré dans:
Détails bibliographiques
Auteur principal: Babiaková, Simoneta
Format: Chapitre de livre
Langue:slovaque
Sujets:
Tags: Ajouter un tag
Pas de tags, Soyez le premier à ajouter un tag!

MARC

LEADER 00000naa$a2200000$$$4500
001 0082006
005 20231127101344.8
041 0 |a slo 
044 |a SK 
245 1 0 |a Hodnotenie zamestnancov v personálnej práci vedenia školy  |c Simoneta Babiaková 
520 |a Základné úlohy vedenia školy v personálnej práci v školskej praxi. Celkové hodnotenie pedagogických zamestnancov. Hodnotiace rozhovory so zamestnancami. Profesijný štandard pedagogického zamestnanca. 
610 2 0 |a zamestnanci 
610 2 0 |a vedenie 
610 2 0 |a školy 
610 2 0 |a práca personálna 
100 1 |a Babiaková, Simoneta